00543nam a2200133Ia 4500008004100000020001500041100001300056245015800069250001200227260003500239300001000274952010800284999001700392211105s9999 xx 000 0 und d aVYASA00758 aNoAuthor 0aAmazing facts about Hinduism : Revealed for the first time - the true history and the divinity of Hinduism, and the way it is misrepresented in the world a1st ed. bJagadguru Kripalu Parishatc\N a212p. 00102ddc40708DYSaSVYASAbSVYASAcR2.6Bd2021-10-22l0p22613r2021-11-09 00:00:00w2021-11-09yBKS c14099d14099